000 00376nam a2200145Ia 4500
008 090124s9999 xx 000 0 und d
082 _b202420
245 _aTHE ESSENCE OF INDIAN CULTURE
250 _a2
260 _bRANGANATHANANDA SWAMI
_c1966
300 _a60
630 _aTHE ESSENCE OF INDIAN CULTURE
730 _aTHE ESSENCE OF INDIAN CULTURE
942 _cBOOK
999 _c184001
_d184001